| 000 | 00371nam a22001457a 4500 | ||
|---|---|---|---|
| 005 | 20250616141111.0 | ||
| 008 | 250616b |||||||| |||| 00| 0 eng d | ||
| 020 | _a9780664245597 | ||
| 050 |
_aBS476 _bSTU |
||
| 100 | _aSTUART DOUGLAS | ||
| 245 | _aOLD TESTAMENT EXEGESIS; | ||
| 260 |
_aPHILADELPHIA _bTHE WESTMINSTER PRESS _cc1980 |
||
| 300 | _a142p | ||
| 942 |
_2lcc _cBK _n0 |
||
| 999 |
_c6523 _d6523 |
||